| 000 | 00858nam a2200265Ia 4500 | ||
|---|---|---|---|
| 008 | 191130s2009##################000#0#eng## | ||
| 020 | _a9780736074476 | ||
| 022 | _a2008049091 | ||
| 040 |
_aACL _cACL |
||
| 082 | _a796.01 KOR | ||
| 100 | _aKornspan, Alan S | ||
| 245 |
_aFundamentals of sport and exercise psychology _cAlan S. Kornspan |
||
| 260 |
_aChampaign, IL _bHuman Kinetics _cc2009 |
||
| 300 | _axi, 179 p. : ill. ; 26 cm | ||
| 500 | _aIncludes bibliographical references (p. 151-167) and indexes | ||
| 650 | _aAthletic Injuries - psychology | ||
| 650 | _aExercise - Psychological aspects | ||
| 650 | _aExercise - psychology | ||
| 650 | _aSports - Psychological aspects | ||
| 650 | _aSports - psychology | ||
| 650 | _aSports Medicine - methods | ||
| 990 | _a92370670ac10000c0badfe9d418c6b3f | ||
| 991 | _a331385 | ||
| 999 |
_c190787 _d190787 |
||